| 000 | 00498nam a22001697a 4500 | ||
|---|---|---|---|
| 999 |
_c7783 _d7784 |
||
| 008 | 190404b ||||| |||| 00| 0 eng d | ||
| 020 | _a9788131234365 | ||
| 082 | _a610.73 P866p 2013 | ||
| 100 | _aPotter, Patricia | ||
| 245 | _aPotter and Perry`s Fundamentals of Nursing. | ||
| 260 |
_aIndia ; _bReed Elsevier India Private limited, _c2013. |
||
| 300 |
_axl, 1337 p. _bill. _c28 cm. |
||
| 700 | _aPerry, Anne Griffin. | ||
| 700 | _aStockert, Patricia A. | ||
| 700 | _aHall, Amy M. | ||
| 942 | _2ddc | ||